Entry Personal Name
Number of records used in: 1
001 - CONTROL NUMBER
003 - CONTROL NUMBER IDENTIFIER
005 - DATE AND TIME OF LATEST TRANSACTION
- control field:
20220524150637.0
008 - FIXED-LENGTH DATA ELEMENTS
- fixed length control field:
940207n| azannaabn |n aaa
010 ## - LIBRARY OF CONGRESS CONTROL NUMBER
- LC control number:
n 94011942
035 ## - SYSTEM CONTROL NUMBER
- System control number:
(OCoLC)oca03542840
040 ## - CATALOGING SOURCE
- Original cataloging agency:
DLC
- Language of cataloging:
eng
- Transcribing agency:
DLC
- Description conventions:
rda
- Modifying agency:
DNLM
046 ## - SPECIAL CODED DATES
100 1# - HEADING--PERSONAL NAME
- Personal name:
Galotti, Kathleen M.,
- Dates associated with a name:
1957-
670 ## - SOURCE DATA FOUND
- Source citation:
Her Cognitive psychology in and out of the laboratory, c1994:
- Information found:
t.p. (Kathleen M. Galotti, Carleton College) p. iv (B.A. in psychology & economics, Wellesley Coll.; M.A. & Ph.D. in psychology, Univ. of Pennsylvania; assoc. prof. at Carleton Coll.) CIP data (b. 1957- )